Trắc địa sử dụng trong trường kĩ thuật

Trình bày các kiến thức cơ bản về trắc địa và công tác trắc địa trong giai đoạn khảo sát và xây dựng công trình, có kèm theo bài tập về trắc địa

Shranjeno v:
Bibliografske podrobnosti
Glavni avtor: Vũ Thặng (Chủ biên)
Drugi avtorji: Vũ Thái Hà, Bùi Duy Quỳnh
Format: Knjiga
Jezik:Vietnamese
Izdano: H. Xây dựng 2013
Teme:
Oznake: Označite
Brez oznak, prvi označite!
Thư viện lưu trữ: Thư viện Trường Đại học Nam Cần Thơ
LEADER 01485aam a22002658a 4500
001 NCT_18152
008 130717s2013 ||||||viesd
999 |c 859  |d 859 
020 |c 135000 
082 0 4 |2 23rd ed.  |a 526.3  |b Th116 
100 1 |a Vũ Thặng  |e Chủ biên 
245 1 0 |a Trắc địa sử dụng trong trường kĩ thuật  |c Vũ Thặng (chủ biên), Bùi Duy Quỳnh, Vũ Thái Hà 
260 |a H.  |b Xây dựng  |c 2013 
300 |a 338tr.  |b minh hoạ  |c 24cm 
500 |a Tên sách ngoài bìa: Trắc địa 
520 3 |a Trình bày các kiến thức cơ bản về trắc địa và công tác trắc địa trong giai đoạn khảo sát và xây dựng công trình, có kèm theo bài tập về trắc địa 
653 |a Quản lý đất đai 
655 7 |a Giáo trình 
700 1 |a Vũ Thái Hà 
700 1 |a Bùi Duy Quỳnh 
942 |2 ddc  |c BK 
952 |0 0  |1 0  |2 ddc  |4 0  |6 526_300000000000000_TH116  |7 0  |9 4180  |a 000001  |b 000001  |d 2017-11-24  |o 526.3 Th116  |p MD.04221  |r 2017-11-24  |v 135000.00  |w 2017-11-24  |y BK 
952 |0 0  |1 0  |2 ddc  |4 0  |6 526_300000000000000_TH116  |7 0  |9 4181  |a 000001  |b 000001  |d 2017-11-24  |o 526.3 Th116  |p MD.04222  |r 2017-11-24  |v 135000.00  |w 2017-11-24  |y BK 
952 |0 0  |1 0  |2 ddc  |4 0  |6 526_300000000000000_TH116  |7 0  |9 4182  |a 000001  |b 000001  |d 2017-11-24  |l 1  |o 526.3 Th116  |p MD.04223  |r 2020-07-02  |s 2020-06-18  |v 135000.00  |w 2017-11-24  |y BK 
980 |a Thư viện Trường Đại học Nam Cần Thơ